[Event "Mittelfrank Regionalliga Sud-Ost 2122"]
[Site "Mittelfranken"]
[Date "2022.05.29"]
[Round "9.6"]
[White "Trapp, Robert"]
[Black "Hausmann, Sarah"]
[Result "0-1"]
[WhiteElo "1881"]
[BlackElo "1869"]
[PlyCount "44"]
[EventDate "2021.10.24"]
[EventType "team-tourn"]
[EventRounds "9"]
[EventCountry "GER"]
[SourceTitle "EXT 2024"]
[Source "ChessBase"]
[SourceDate "2023.10.10"]
[SourceVersion "1"]
[SourceVersionDate "2023.10.10"]
[SourceQuality "1"]
[WhiteTeam "Freising"]
[BlackTeam "Ingolstadt"]
[WhiteTeamCountry "GER"]
[BlackTeamCountry "GER"]

1. f4 c5 2. Nf3 e6 3. e3 Nf6 4. d4 Qc7 5. c3 a6 6. a4 b6 7. Bd3 Bb7 8. 0-0 Be7 9. Qe1 0-0 10. Nbd2 cxd4 11. exd4 Nd5 12. Ne5 d6 13. Ng4 Nd7 14. Qg3 N7f6 15. Qh3 g6 16. Nh6+ Kg7 17. f5 e5 18. fxg6 fxg6 19. dxe5 dxe5 20. Re1 Bc5+ 21. Kh1 Nf4 22. Nf5+ Kh8 0-1

[Event "Mittelfrank Regionalliga Sud-Ost 2122"]
[Site "Mittelfranken"]
[Date "2021.11.14"]
[Round "2.6"]
[White "Neulinger Jagode, Rupert"]
[Black "Hausmann, Sarah"]
[Result "0-1"]
[WhiteElo "1730"]
[BlackElo "1869"]
[PlyCount "124"]
[EventDate "2021.10.24"]
[EventType "team-tourn"]
[EventRounds "9"]
[EventCountry "GER"]
[SourceTitle "EXT 2024"]
[Source "ChessBase"]
[SourceDate "2023.10.10"]
[SourceVersion "1"]
[SourceVersionDate "2023.10.10"]
[SourceQuality "1"]
[WhiteTeam "Ortenburg"]
[BlackTeam "Ingolstadt"]
[WhiteTeamCountry "GER"]
[BlackTeamCountry "GER"]

1. e4 c5 2. f4 e6 3. Nf3 d5 4. e5 Nc6 5. c3 Nge7 6. Bd3 Qc7 7. 0-0 Ng6 8. Ng5 f6 9. Qh5 f5 10. Bc2 Bd7 11. Nxh7 Nce7 12. d3 0-0-0 13. Qh3 Be8 14. Nd2 Nc6 15. Nf3 Be7 16. d4 Kb8 17. dxc5 Bf7 18. Be3 Bg8 19. Qg3 Bxh7 20. Ng5 Bxg5 21. Qxg5 Qe7 22. Qxe7 Ngxe7 23. Rfd1 Bg6 24. b4 a6 25. a4 d4 26. Bxd4 Nxd4 27. cxd4 Nd5 28. b5 axb5 29. axb5 Ne3 30. Rd2 Nxc2 31. Rxc2 Rxd4 32. c6 Rc8 33. Rca2 bxc6 34. Ra8+ Kc7 35. R8a7+ Kd8 36. Rxg7 Be8 37. b6 Rb8 38. b7 Rd7 39. Rg8 Rdxb7 40. Ra6 Ke7 41. Rh8 Rb6 42. Ra7+ R8b7 43. Ra8 Rb8 44. Ra7+ R6b7 45. Rh7+ Bf7 46. Ra6 Rc8 47. Rh3 c5 48. Rc3 Be8 49. h3 Rb4 50. g3 c4 51. Kf2 Rb3 52. Ra7+ Bd7 53. Rc1 Rd3 54. Ke2 Rxg3 55. Rd1 Rd8 56. Rc7 Ke8 57. Kf2 Rc3 58. Rg1 Kf8 59. Rd1 Rd3 60. Rxd3 cxd3 61. Ke3 Bb5 62. Kd2 Ra8 0-1

[Event "Mittelfrank Regionalliga Sud-Ost 2122"]
[Site "Mittelfranken"]
[Date "2021.10.24"]
[Round "1.5"]
[White "Theiss, Johann"]
[Black "Hausmann, Sarah"]
[Result "1-0"]
[WhiteElo "1949"]
[BlackElo "1869"]
[PlyCount "135"]
[EventDate "2021.10.24"]
[EventType "team-tourn"]
[EventRounds "9"]
[EventCountry "GER"]
[SourceTitle "EXT 2024"]
[Source "ChessBase"]
[SourceDate "2023.10.10"]
[SourceVersion "1"]
[SourceVersionDate "2023.10.10"]
[SourceQuality "1"]
[WhiteTeam "Landau Dingolfing"]
[BlackTeam "Ingolstadt"]
[WhiteTeamCountry "GER"]
[BlackTeamCountry "GER"]

1. d4 f5 2. g3 Nf6 3. Bg2 e6 4. Nf3 Be7 5. 0-0 d6 6. b3 0-0 7. Bb2 Qe8 8. c4 a5 9. Nbd2 Na6 10. Bc3 Nb4 11. a3 Nc6 12. Qc2 Qg6 13. Rfe1 Ne4 14. Bb2 Bf6 15. Rac1 Kh8 16. d5 Ne7 17. Nxe4 fxe4 18. Bxf6 Rxf6 19. Nh4 Qf7 20. Qxe4 e5 21. Rf1 Nf5 22. Nf3 Qg6 23. Qc2 Bd7 24. e3 Raf8 25. Nd2 Qh5 26. Qd1 Qg6 27. b4 h5 28. Ne4 R6f7 29. Bf3 Nh4 30. Bh1 Bh3 31. Qb3 Bxf1 32. Rxf1 Nf3+ 33. Bxf3 Rxf3 34. Nd2 R3f7 35. bxa5 c6 36. f3 Ra8 37. Qc3 Rc8 38. e4 Qg5 39. Kg2 Qd8 40. Rb1 Ra8 41. Rb6 Ra6 42. Qb3 c5 43. Qb5 Rxb6 44. axb6 Rf8 45. a4 Qg5 46. Nf1 Qc1 47. Qb3 Qe1 48. Qd3 Qb4 49. Ne3 Qb2+ 50. Qc2 Qxc2+ 51. Nxc2 Ra8 52. Na3 Rxa4 53. Nb5 Rxc4 54. Nxd6 Rc2+ 55. Kf1 Kg8 56. Nxb7 Kf8 57. h4 c4 58. Na5 c3 59. Ke1 Rb2 60. b7 Ke8 61. Kd1 Kd7 62. f4 exf4 63. gxf4 Kc7 64. d6+ Kb8 65. e5 Rb5 66. Kc2 Rxa5 67. d7 Kc7 68. b8Q+ 1-0

[Event "BL2 Sued 1920 (Women)"]
[Site "Germany"]
[Date "2019.09.14"]
[Round "1.3"]
[White "Hausmann, Sarah"]
[Black "Radeva, Viktoria"]
[Result "0-1"]
[WhiteElo "1638"]
[BlackElo "2257"]
[PlyCount "64"]
[EventDate "2019.09.14"]
[EventType "team-tourn"]
[EventRounds "7"]
[EventCountry "GER"]
[SourceTitle "EXT 2021"]
[Source "ChessBase"]
[SourceDate "2020.10.23"]
[SourceVersion "1"]
[SourceVersionDate "2020.10.23"]
[SourceQuality "1"]
[WhiteTeam "Regensburg Bavaria (W)"]
[BlackTeam "Kisschess (W)"]
[WhiteTeamCountry "GER"]
[BlackTeamCountry "GER"]

1. d4 d5 2. Nf3 Nf6 3. Bf4 e6 4. e3 Bd6 5. Bg3 0-0 6. Nbd2 c5 7. c3 Qc7 8. Bd3 Nbd7 9. Bxd6 Qxd6 10. 0-0 e5 11. dxe5 Nxe5 12. Nxe5 Qxe5 13. Re1 Bg4 14. Be2 Bf5 15. Qb3 Qc7 16. Nf3 h6 17. Rac1 Qe7 18. c4 Be4 19. Qc3 dxc4 20. Qxc4 b6 21. Nd2 Bd5 22. Qa4 Rad8 23. Red1 Rd7 24. Bb5 Rd6 25. Nf1 Rfd8 26. Ng3 Qe5 27. b3 h5 28. h3 g6 29. Ne2 Ne4 30. Nf4 Nc3 31. Rxd5 Rxd5 32. Qc4 Rd1+ 0-1